|
|
|
|
| LEADER |
00890aam a22002418a 4500 |
| 001 |
00029566 |
| 005 |
20171026081023.0 |
| 008 |
120830s2012 ||||||viesd |
| 020 |
|
|
|c 100000
|
| 041 |
0 |
# |
|a vie
|
| 082 |
|
|
|a 895.922 803
|b GI100Đ
|
| 100 |
1 |
# |
|a Nguyễn, Thị Bình
|
| 245 |
1 |
0 |
|a Gia đình, bạn bè và đất nước
|b Hồi ký
|c Nguyễn Thị Bình
|
| 260 |
# |
# |
|a H.
|b Tri Thức
|c 2012
|
| 300 |
# |
# |
|a 413 tr.
|b ảnh màu
|c 21 cm.
|
| 650 |
# |
4 |
|a Văn học
|v Tác phẩm
|z Việt Nam
|
| 653 |
# |
# |
|a Hồi ký
|
| 653 |
# |
# |
|a Văn học Việt Nam
|
| 852 |
# |
# |
|b Kho mượn
|j KM.0014406, KM.0014407, KM.0014408, KM.0014548
|
| 852 |
# |
# |
|b Kho đọc
|j KD.0013881
|
| 852 |
# |
# |
|j KD.0013881
|j KM.0014407
|j KM.0014548
|j KM.0014406
|j KM.0014408
|
| 910 |
|
|
|d 04/10/2012
|
| 980 |
# |
# |
|a Trung tâm Học liệu Lê Vũ Hùng, Trường Đại học Đồng Tháp
|